Estadística para la administración y economía/ (Registro nro. 7794)
[ vista simple ]
| 000 -LEADER | |
|---|---|
| fixed length control field | 01759nam a2200205Ia 4500 |
| 005 - FECHA Y HORA DE LA ÚLTIMA TRANSACCIÓN | |
| control field | 20230416115805.0 |
| 008 - FIXED-LENGTH DATA ELEMENTS--GENERAL INFORMATION | |
| fixed length control field | 230416s9999 xx 000 0 und d |
| 040 ## - CATALOGING SOURCE | |
| Original cataloging agency | UPAN |
| Transcribing agency | Biblioteca San Vicente |
| Description conventions | RCAA2 |
| 041 ## - LANGUAGE CODE | |
| Language code of text/sound track or separate title | spa |
| 082 ## - DEWEY DECIMAL CLASSIFICATION NUMBER | |
| Classification number | 310.1 |
| Item number | A534e |
| 100 ## - MAIN ENTRY--PERSONAL NAME | |
| Personal name | Anderson, David R. |
| Relator code | aut. |
| 245 #0 - TITLE STATEMENT | |
| Title | Estadística para la administración y economía/ |
| Statement of responsibility, etc | David R. Anderson, Dennis J. Sweeney, Thomas A. Williams; María del Carmen Hano Roa |
| 250 ## - EDITION STATEMENT | |
| Edition statement | 10ª ed. |
| 260 ## - PUBLICATION, DISTRIBUTION, ETC. (IMPRINT) | |
| Place of publication, distribution, etc | México: |
| Name of publisher, distributor, etc | Cengage, |
| Date of publication, distribution, etc | 2008 |
| 300 ## - PHYSICAL DESCRIPTION | |
| Extent | 1056 p., |
| Dimensions | 27 cm. |
| 520 ## - SUMMARY, ETC. | |
| Summary, etc | Capitulo 1: Datos y estadística<br/>Capitulo 2: Estadística descriptiva: presentaciones tabulares y graficas. <br/>Capitulo 3: Estadísticas descriptiva: medidas numéricas.<br/>Capitulo 4: Introducción a la probabilidad<br/>Capitulo 5: Distribución de probabilidad discreta<br/>Capitulo 6: Distribución de probabilidad continua<br/>Capitulo 7: Muestreo y distribuciones muestrales.<br/>Capitulo 8: Estimación por intervalo<br/>Capitulo 9: prueba de hipótesis<br/>Capitulo 10: Inferencias estadísticas acerca de medias y de proporciones con dos poblaciones<br/>Capitulo 11: Inferencia acerca de varianza poblacionales.<br/>Capitulo12: Pruebas de bondad de ajustes e independencia<br/>Capitulo 13: Diseño de experimentos y análisis de varianza<br/>Capitulo 14: Regresión lineal simple<br/>Capitulo 15: Regresión múltiple<br/>Capitulo 16: Análisis de regresión: construcción de modelos<br/>Capitulo 17: Números índice<br/>Capitulo 18: Pronostico <br/>Capitulo 19: Métodos no paramétricos<br/>Capitulo 20: Métodos estadísticos para el control calidad<br/>Capitulo 21: Análisis de decisión.<br/>Capitulo 22: Encuestas muestrales. <br/> <br/><br/><br/> |
| 650 ## - SUBJECT ADDED ENTRY--TOPICAL TERM | |
| Source of heading or term | LEMB |
| Topical term or geographic name as entry element | Estadística |
| General subdivision | Administración |
| 700 ## - ADDED ENTRY--PERSONAL NAME | |
| Personal name | Dennis J. Sweeney |
| Relator code | aut. |
| 942 ## - ADDED ENTRY ELEMENTS (KOHA) | |
| Koha item type | Libros |
| Source of classification or shelving scheme | Dewey Decimal Classification |
| Withdrawn status | Lost status | Source of classification or shelving scheme | Damaged status | Not for loan | Collection code | Home library | Current library | Date acquired | Total Checkouts | Full call number | Barcode | Date last seen | Price effective from | Koha item type | Copy number |
|---|---|---|---|---|---|---|---|---|---|---|---|---|---|---|---|
| Dewey Decimal Classification | Colección General | Biblioteca UPAN San Vicente | Biblioteca UPAN San Vicente | 16/04/2023 | 310.1 A534e | 12002353 | 16/04/2023 | 16/04/2023 | Libros | ||||||
| Dewey Decimal Classification | Colección General | Biblioteca UPAN San Vicente | Biblioteca UPAN San Vicente | 16/04/2023 | 310.1 A534e | 12002351 | 16/04/2023 | 16/04/2023 | Libros | 01 | |||||
| Dewey Decimal Classification | Colección General | Biblioteca UPAN San Vicente | Biblioteca UPAN San Vicente | 16/04/2023 | 310.1 A534e | 12002352 | 16/04/2023 | 16/04/2023 | Libros | 02 |